[Event "Deutsche Ländermeisterschaft 2017"]
[Site "Hannover GER"]
[Date "2017.09.30"]
[Round "1"]
[White "Krause, Benedict"]
[Black "Wachinger, Nikolas"]
[Result "1-0"]
[Termination "normal"]
[Board "6.1"]
[WhiteTitle "FM"]
[WhiteElo "2438"]
[BlackElo "2048"]
[WhiteClock "01:13:38"]
[BlackClock "01:19:15"]
[WhiteTeam "Schleswig-Holstein"]
[BlackTeam "Bremen"]
[PlyCount "69"]
[WhiteFideId "12917990"]
[BlackFideId "12962791"]
[EventCountry "GER"]
[EventRounds "7"]
[EventType "team-swiss"]
[EventDate "2017.09.29"]

1. e4 c5 2. Nf3 d6 3. d4 cxd4 4. Nxd4 Nf6 5. Nc3 a6 6. Bg5 Nbd7 7. Qe2 h6 8.
Bh4 g6 9. f4 e5 10. fxe5 dxe5 11. O-O-O Qc7 12. Nb3 b5 13. Nd5 Nxd5 14. exd5
Bd6 15. Qd2 f5 16. g4 e4 17. Kb1 Ne5 18. gxf5 Nf3 19. Qf2 Bxf5 20. Bg3 O-O 21.
Bxd6 Qxd6 22. Qe3 Kh7 23. Be2 Ne5 24. Nd4 Rac8 25. h4 Nc4 26. Bxc4 Rxc4 27. h5
gxh5 28. b3 Rcc8 29. Nxf5 Rxf5 30. Qxe4 Qe5 31. Qd3 Rc3 32. Qd2 Rc5 33. Rhe1
Qxd5 34. Re7+ Kg6 35. Qe2 1-0

[Event "Deutsche Ländermeisterschaft 2017"]
[Site "Hannover GER"]
[Date "2017.09.30"]
[Round "1"]
[White "Colbow, Collin"]
[Black "Parvanyan, Ashot"]
[Result "0-1"]
[Termination "normal"]
[Board "6.2"]
[BlackTitle "FM"]
[WhiteElo "2034"]
[BlackElo "2374"]
[WhiteClock "01:02:25"]
[BlackClock "01:04:32"]
[WhiteTeam "Bremen"]
[BlackTeam "Schleswig-Holstein"]
[PlyCount "96"]
[WhiteFideId "16201132"]
[BlackFideId "13307550"]
[EventCountry "GER"]
[EventRounds "7"]
[EventType "team-swiss"]
[EventDate "2017.09.29"]

1. e4 g6 2. d4 Bg7 3. Nc3 d6 4. f4 a6 5. Nf3 b5 6. Bd3 Nd7 7. e5 c5 8. Be4 Rb8
9. Be3 b4 10. Ne2 Qc7 11. c3 Bb7 12. Bxb7 Qxb7 13. O-O Nh6 14. Ng3 O-O 15. Ng5
bxc3 16. bxc3 cxd4 17. cxd4 Qd5 18. Qf3 Nb6 19. Rfc1 f6 20. exf6 exf6 21. N5e4
f5 22. Ng5 Ng4 23. Qxd5+ Nxd5 24. Bf2 Nxf2 25. Kxf2 Bxd4+ 26. Kf3 Bxa1 27. Rxa1
Rfe8 28. Rd1 Re3+ 29. Kf2 Rb2+ 30. Kf1 Rxg3 31. Rxd5 Rc3 32. Rd1 h6 33. Nf3
Rxa2 34. Ne1 Rc6 35. Nd3 a5 36. Rb1 Kf7 37. Nc1 Rac2 38. Ne2 Rd2 39. Ra1 Rcc2
40. Ng3 Ra2 41. Rc1 Rf2+ 42. Ke1 Rxg2 43. Rd1 Rxh2 44. Rc1 Rhg2 45. Nf1 h5 46.
Kd1 Rgf2 47. Ng3 h4 48. Nh1 Rf1# 0-1

[Event "Deutsche Ländermeisterschaft 2017"]
[Site "Hannover GER"]
[Date "2017.09.30"]
[Round "1"]
[White "Kololli, Martin"]
[Black "Silber, Kevin"]
[Result "1-0"]
[Termination "normal"]
[Board "6.3"]
[WhiteElo "2299"]
[BlackElo "1992"]
[WhiteClock "01:09:14"]
[BlackClock "00:16:00"]
[WhiteTeam "Schleswig-Holstein"]
[BlackTeam "Bremen"]
[PlyCount "115"]
[WhiteFideId "12936910"]
[BlackFideId "12930440"]
[EventCountry "GER"]
[EventRounds "7"]
[EventType "team-swiss"]
[EventDate "2017.09.29"]

1. e4 e5 2. Nf3 Nc6 3. Bc4 Nf6 4. d3 Bc5 5. c3 a6 6. O-O Ba7 7. Re1 d6 8. Bb3
h6 9. Nbd2 O-O 10. Nf1 Re8 11. Ng3 Be6 12. Bc2 d5 13. exd5 Bxd5 14. h3 Bc5 15.
Nh4 b5 16. Nhf5 Bf8 17. Ne3 Be6 18. Qf3 Ne7 19. Nef5 Ng6 20. Be3 Nd5 21. Rad1
c5 22. Bc1 Rc8 23. Bb1 Qc7 24. h4 Ngf4 25. h5 g6 26. hxg6 fxg6 27. Ne3 Bg7 28.
Nxd5 Bxd5 29. Ne4 Rf8 30. Qg3 Qc6 31. Qh2 Rf5 32. g4 Rf7 33. d4 Qe6 34. f3 cxd4
35. cxd4 g5 36. dxe5 Bxe5 37. Bxf4 Rxf4 38. Qe2 Qb6+ 39. Kg2 Bc4 40. Qd2 Rcf8
41. Nxg5 Bg7 42. Qc2 Rc8 43. Qh7+ Kf8 44. Nh3 Rf7 45. Qg6 Qc5 46. b3 Bd5 47.
Be4 Bxe4 48. Qxe4 Qc2+ 49. Nf2 Qxa2 50. Qe6 Qc2 51. Qxa6 Kg8 52. Qxb5 Rcf8 53.
Qd5 Qc3 54. Nd3 Kh8 55. f4 Qc2+ 56. Kg3 Qc7 57. Qc4 Qb7 58. Nc5 1-0

[Event "Deutsche Ländermeisterschaft 2017"]
[Site "Hannover GER"]
[Date "2017.09.30"]
[Round "1"]
[White "Heldt, Nils-Lennart"]
[Black "Kopylov, Daniel"]
[Result "0-1"]
[Termination "normal"]
[Board "6.4"]
[WhiteElo "2001"]
[BlackElo "2243"]
[WhiteClock "01:04:12"]
[BlackClock "01:06:43"]
[WhiteTeam "Bremen"]
[BlackTeam "Schleswig-Holstein"]
[PlyCount "76"]
[WhiteFideId "12952109"]
[BlackFideId "12921971"]
[EventCountry "GER"]
[EventRounds "7"]
[EventType "team-swiss"]
[EventDate "2017.09.29"]

1. d4 d5 2. c4 e6 3. Nc3 Nf6 4. cxd5 exd5 5. Bg5 c6 6. e3 h6 7. Bh4 g5 8. Bg3
Bf5 9. h4 g4 10. Bd3 Bxd3 11. Qxd3 Bb4 12. Nge2 Ne4 13. Be5 Rg8 14. f3 gxf3 15.
gxf3 Nf6 16. O-O-O Nbd7 17. Bf4 Rh8 18. e4 dxe4 19. fxe4 Qe7 20. d5 Ng4 21.
dxc6 bxc6 22. Rhf1 Nde5 23. Qg3 h5 24. Nd4 O-O-O 25. Bxe5 Nxe5 26. Rf5 f6 27.
Qe3 Bc5 28. Nce2 Bb6 29. Qc3 Kb7 30. Rdf1 c5 31. Nc2 Nd3+ 32. Kb1 Qxe4 33. Ng1
Rd7 34. Rxf6 Rhd8 35. Rf7 Nb4 36. Qf3 Kb8 37. Rxd7 Qxc2+ 38. Ka1 Rxd7 0-1

[Event "Deutsche Ländermeisterschaft 2017"]
[Site "Hannover GER"]
[Date "2017.09.30"]
[Round "1"]
[White "Köhler, Inken"]
[Black "Petri, Ben-Luca"]
[Result "1/2-1/2"]
[Termination "normal"]
[Board "6.5"]
[WhiteElo "1893"]
[BlackElo "1744"]
[WhiteClock "00:56:27"]
[BlackClock "01:17:49"]
[WhiteTeam "Schleswig-Holstein"]
[BlackTeam "Bremen"]
[PlyCount "65"]
[WhiteFideId "12929301"]
[BlackFideId "12947261"]
[EventCountry "GER"]
[EventRounds "7"]
[EventType "team-swiss"]
[EventDate "2017.09.29"]

1. e4 e5 2. Nf3 Nf6 3. Nxe5 d6 4. Nf3 Nxe4 5. d3 Nf6 6. Bg5 Be7 7. Be2 Nc6 8.
O-O O-O 9. Nbd2 Re8 10. d4 d5 11. c3 h6 12. Bh4 Ne4 13. Bxe7 Rxe7 14. Bd3 Bg4
15. Qc2 Nxd2 16. Qxd2 Qd7 17. Qf4 Rae8 18. h3 Bxf3 19. Qxf3 Nd8 20. Rfd1 c6 21.
Qg3 b6 22. Kf1 Qe6 23. Qg4 Qxg4 24. hxg4 Nb7 25. Re1 Nd6 26. Rxe7 Rxe7 27. Re1
Kf8 28. b3 Rxe1+ 29. Kxe1 Ke7 30. Ke2 Ke6 31. Ke3 g5 32. a4 a5 33. Kf3 1/2-1/2

[Event "Deutsche Ländermeisterschaft 2017"]
[Site "Hannover GER"]
[Date "2017.09.30"]
[Round "1"]
[White "Silber, Stefanie"]
[Black "Glinzner, Alva"]
[Result "1-0"]
[Termination "normal"]
[Board "6.6"]
[WhiteElo "1586"]
[BlackElo "1766"]
[WhiteClock "01:07:14"]
[BlackClock "01:03:33"]
[WhiteTeam "Bremen"]
[BlackTeam "Schleswig-Holstein"]
[PlyCount "61"]
[WhiteFideId "12918245"]
[BlackFideId "16206169"]
[EventCountry "GER"]
[EventRounds "7"]
[EventType "team-swiss"]
[EventDate "2017.09.29"]

1. e4 c5 2. Nf3 e6 3. b3 a6 4. Bb2 d6 5. d4 cxd4 6. Nxd4 Nd7 7. g3 b6 8. c4 Bb7
9. Bg2 Ngf6 10. Nc3 Be7 11. O-O O-O 12. Re1 Qc7 13. Qe2 Rfe8 14. Rad1 Rad8 15.
Kh1 Bf8 16. g4 h6 17. h4 Nh7 18. Qd2 Be7 19. Nf3 Ne5 20. g5 Nxf3 21. Bxf3 hxg5
22. Rg1 f6 23. Bh5 Rf8 24. f4 f5 25. hxg5 fxe4 26. Qh2 e3+ 27. Nd5 exd5 28. Bg6
d4+ 29. Rg2 Nxg5 30. fxg5 Bxg2+ 31. Kxg2 1-0

[Event "Deutsche Ländermeisterschaft 2017"]
[Site "Hannover GER"]
[Date "2017.09.30"]
[Round "1"]
[White "Farokhi, Keyvan"]
[Black "Duan, Muxi"]
[Result "1-0"]
[Termination "normal"]
[Board "6.7"]
[WhiteElo "1781"]
[BlackElo "1387"]
[WhiteClock "01:00:13"]
[BlackClock "01:18:19"]
[WhiteTeam "Schleswig-Holstein"]
[BlackTeam "Bremen"]
[PlyCount "95"]
[WhiteFideId "12998630"]
[BlackFideId "12971960"]
[EventCountry "GER"]
[EventRounds "7"]
[EventType "team-swiss"]
[EventDate "2017.09.29"]

1. c4 e5 2. g3 Nf6 3. Bg2 Bc5 4. Nc3 a6 5. e3 d6 6. d4 Ba7 7. dxe5 dxe5 8.
Qxd8+ Kxd8 9. Nf3 Nc6 10. O-O Be6 11. Rd1+ Ke7 12. b3 Rhd8 13. Ba3+ Ke8 14. Ng5
Bg4 15. Rxd8+ Rxd8 16. Nd5 Nxd5 17. Bxd5 Bh5 18. Nxh7 f6 19. Nf8 Bf7 20. Ne6
Bxe6 21. Bxe6 a5 22. Bd5 Nb4 23. Bxb4 axb4 24. Bxb7 Bc5 25. Bd5 Ke7 26. Kf1 f5
27. Re1 Kf6 28. e4 g6 29. f4 Bd4 30. exf5 gxf5 31. fxe5+ Bxe5 32. Kf2 Rd6 33.
Re2 c5 34. Kf3 Rd8 35. g4 Rh8 36. g5+ Kxg5 37. Rxe5 Rxh2 38. Be4 Rh3+ 39. Kg2
Kg4 40. Bxf5+ Kf4 41. Kxh3 Kxe5 42. Bd7 Kd6 43. Ba4 Ke5 44. Kg4 Ke4 45. Kg5 Ke5
46. Bb5 Ke6 47. Kf4 Kf6 48. Ke4 1-0

[Event "Deutsche Ländermeisterschaft 2017"]
[Site "Hannover GER"]
[Date "2017.09.30"]
[Round "1"]
[White "Tiarks, Jann-Christian"]
[Black "Muckle, Julius"]
[Result "1-0"]
[Termination "normal"]
[Board "7.1"]
[BlackTitle "FM"]
[WhiteElo "2056"]
[BlackElo "2307"]
[WhiteTeam "Brandenburg"]
[BlackTeam "Rheinland-Pfalz"]
[PlyCount "133"]
[WhiteFideId "12951595"]
[BlackFideId "12942430"]
[EventCountry "GER"]
[EventRounds "7"]
[EventType "team-swiss"]
[EventDate "2017.09.29"]

1. e4 e6 2. d4 d5 3. exd5 exd5 4. Nf3 Nf6 5. Bd3 c5 6. O-O Be7 7. dxc5 O-O 8.
c3 Bxc5 9. Bg5 h6 10. Bh4 Bg4 11. Nbd2 Nbd7 12. h3 Bh5 13. Qc2 Qc7 14. Kh1 Rae8
15. Rae1 Rxe1 16. Rxe1 Qb6 17. g4 Bxf2 18. Bxf2 Qxf2 19. Re2 Qg3 20. gxh5 Nxh5
21. Rg2 Qxh3+ 22. Rh2 Ng3+ 23. Kg1 Qg4 24. Kf2 Nh5 25. Rg2 Qf4 26. Bh7+ Kh8 27.
Qf5 Ndf6 28. Qd3 Nxh7 29. Qxd5 N7f6 30. Qc5 Rd8 31. Kg1 Ne4 32. Qxh5 Qe3+ 33.
Kh1 Nxd2 34. Qxf7 Rg8 35. Rxd2 Qe4 36. Rg2 Qb1+ 37. Kh2 Qe4 38. a3 a6 39. c4 b6
40. b4 Qe3 41. a4 Qc3 42. b5 axb5 43. axb5 Rd8 44. Qe7 Rd3 45. Qf8+ Kh7 46.
Qf5+ Kh8 47. Ne5 Rh3+ 48. Qxh3 Qxe5+ 49. Rg3 Qe2+ 50. Qg2 Qxc4 51. Qa8+ Kh7 52.
Qc6 Qe2+ 53. Rg2 Qe5+ 54. Kh3 Qf5+ 55. Kg3 Qd3+ 56. Kf4 Qf1+ 57. Ke5 g5 58.
Qd7+ Kg6 59. Qc6+ Kg7 60. Kd6 Qf4+ 61. Kd7 h5 62. Kc8 Qf6 63. Kb7 Qe7+ 64. Qc7
Qxc7+ 65. Kxc7 Kg6 66. Kxb6 h4 67. Kc7 1-0

[Event "Deutsche Ländermeisterschaft 2017"]
[Site "Hannover GER"]
[Date "2017.09.30"]
[Round "1"]
[White "Syrov, Arkadi"]
[Black "Teichert, Felix"]
[Result "1-0"]
[Termination "normal"]
[Board "7.2"]
[WhiteElo "2280"]
[BlackElo "2019"]
[WhiteTeam "Rheinland-Pfalz"]
[BlackTeam "Brandenburg"]
[PlyCount "59"]
[WhiteFideId "12942448"]
[BlackFideId "12987670"]
[EventCountry "GER"]
[EventRounds "7"]
[EventType "team-swiss"]
[EventDate "2017.09.29"]

1. e4 c5 2. Nf3 e6 3. d4 cxd4 4. Nxd4 a6 5. Bd3 Qc7 6. O-O Nf6 7. Qe2 d6 8. c4
Nc6 9. Nf3 Be7 10. Nc3 b6 11. h3 Nd7 12. Bf4 Nde5 13. Rfd1 Bb7 14. Rac1 Nxd3
15. Qxd3 Ne5 16. Nxe5 dxe5 17. Bxe5 Qc6 18. Qg3 Rg8 19. Bd6 Rd8 20. Bxe7 Kxe7
21. Qh4+ g5 22. Qxh7 Rh8 23. Qg7 Rhg8 24. Qe5 f6 25. Nd5+ Qxd5 26. Qc7+ Rd7 27.
cxd5 Rxc7 28. Rxc7+ Kd6 29. Rxb7 Rc8 30. Rxb6+ 1-0

[Event "Deutsche Ländermeisterschaft 2017"]
[Site "Hannover GER"]
[Date "2017.09.30"]
[Round "1"]
[White "Woithe, Daniel"]
[Black "Ronge, Tim Hendrik"]
[Result "0-1"]
[Termination "normal"]
[Board "7.3"]
[WhiteElo "1793"]
[BlackElo "2125"]
[WhiteTeam "Brandenburg"]
[BlackTeam "Rheinland-Pfalz"]
[PlyCount "56"]
[WhiteFideId "16244648"]
[BlackFideId "12955418"]
[EventCountry "GER"]
[EventRounds "7"]
[EventType "team-swiss"]
[EventDate "2017.09.29"]

1. e4 c5 2. c3 Nf6 3. e5 Nd5 4. Nf3 e6 5. d4 cxd4 6. cxd4 d6 7. a3 Be7 8. Bd3
b6 9. O-O Bb7 10. Nc3 Nxc3 11. bxc3 Nd7 12. exd6 Bxd6 13. Qe2 h6 14. Bb2 O-O
15. c4 Nf6 16. Ne5 b5 17. cxb5 Nd5 18. f4 f5 19. Kh1 Kh7 20. Qh5 Nxf4 21. Rxf4
Bxe5 22. Rg4 Bf6 23. Rf1 Bg5 24. Qh3 g6 25. Rxg5 Qxg5 26. Bc1 Qh5 27. Qe3 Bd5
28. Be2 f4 0-1

[Event "Deutsche Ländermeisterschaft 2017"]
[Site "Hannover GER"]
[Date "2017.09.30"]
[Round "1"]
[White "Yankelevich, Michael"]
[Black "Eue, Vicky"]
[Result "1-0"]
[Termination "normal"]
[Board "7.4"]
[WhiteElo "1919"]
[BlackElo "1654"]
[WhiteTeam "Rheinland-Pfalz"]
[BlackTeam "Brandenburg"]
[PlyCount "83"]
[WhiteFideId "12921440"]
[BlackFideId "12945838"]
[EventCountry "GER"]
[EventRounds "7"]
[EventType "team-swiss"]
[EventDate "2017.09.29"]

1. e4 d5 2. exd5 Nf6 3. Nf3 Nxd5 4. d4 Bg4 5. Be2 c6 6. h3 Bf5 7. a3 e6 8. c4
Nf6 9. Nc3 h6 10. Be3 Be7 11. O-O O-O 12. b4 Ne4 13. Qb3 Nxc3 14. Qxc3 Nd7 15.
Rfd1 Qc7 16. Rac1 Bd6 17. Qb3 a5 18. Bd3 Bxd3 19. Rxd3 axb4 20. axb4 Ra6 21. d5
e5 22. Nd2 cxd5 23. Rxd5 Nf6 24. Rd3 e4 25. Rdc3 Be5 26. R3c2 Rfa8 27. c5 Qd7
28. Qc4 Qf5 29. Qb5 Bf4 30. Qxb7 Bxe3 31. fxe3 Nd5 32. Nf1 Nf6 33. c6 Qc8 34.
b5 Ra5 35. b6 Qe6 36. c7 Kh7 37. c8=Q Rxc8 38. Rxc8 Rg5 39. R1c2 Qxh3 40. Qe7
Nd5 41. Qd8 f6 42. Qxd5 1-0

[Event "Deutsche Ländermeisterschaft 2017"]
[Site "Hannover GER"]
[Date "2017.09.30"]
[Round "1"]
[White "Gericke, Luis"]
[Black "Musiolik, David"]
[Result "0-1"]
[Termination "normal"]
[Board "7.5"]
[WhiteElo "1517"]
[BlackElo "1952"]
[WhiteTeam "Brandenburg"]
[BlackTeam "Rheinland-Pfalz"]
[PlyCount "74"]
[WhiteFideId "16212525"]
[BlackFideId "12972355"]
[EventCountry "GER"]
[EventRounds "7"]
[EventType "team-swiss"]
[EventDate "2017.09.29"]

1. e4 e6 2. d4 d5 3. e5 c5 4. c3 Qb6 5. Nf3 Bd7 6. Be2 Nc6 7. O-O Nge7 8. Na3
cxd4 9. cxd4 Nf5 10. Nc2 Be7 11. b3 a5 12. Bb2 Nb4 13. Nxb4 axb4 14. Bd3 Bb5
15. Bxb5+ Qxb5 16. Bc1 h5 17. Be3 Ra3 18. Qd2 Kd7 19. Rfc1 Rha8 20. Ne1 Qa5 21.
Qc2 Ke8 22. Qc7 Qxc7 23. Rxc7 Rxa2 24. Rxa2 Rxa2 25. Rxb7 Rb2 26. h3 Rb1 27.
Kf1 Nxe3+ 28. fxe3 Bh4 29. g3 Bxg3 30. Rxb4 Rxe1+ 31. Kg2 Bh4 32. Rb8+ Bd8 33.
Kf2 Rh1 34. Kg2 Rb1 35. b4 g5 36. b5 Kd7 37. Rb7+ Bc7 0-1

[Event "Deutsche Ländermeisterschaft 2017"]
[Site "Hannover GER"]
[Date "2017.09.30"]
[Round "1"]
[White "Morio, Estelle"]
[Black "Schiewe, Nadin"]
[Result "1/2-1/2"]
[Termination "normal"]
[Board "7.6"]
[WhiteElo "1844"]
[BlackElo "1422"]
[WhiteTeam "Rheinland-Pfalz"]
[BlackTeam "Brandenburg"]
[PlyCount "63"]
[WhiteFideId "12951951"]
[BlackFideId "16209079"]
[EventCountry "GER"]
[EventRounds "7"]
[EventType "team-swiss"]
[EventDate "2017.09.29"]

1. d4 d5 2. Nf3 e6 3. g3 Bd6 4. Bg2 Nd7 5. O-O f5 6. Nbd2 b6 7. c4 Bb7 8. Qc2
g6 9. a3 a5 10. Ne1 Rc8 11. Nd3 c5 12. dxc5 Nxc5 13. Qc3 Qf6 14. Qxf6 Nxf6 15.
Nxc5 Bxc5 16. Nb3 Ba6 17. Nxc5 Rxc5 18. cxd5 exd5 19. Re1 Rc2 20. Bf3 Kf7 21.
Rb1 Re8 22. Be3 b5 23. Red1 Re7 24. Rd2 Rec7 25. Rbd1 Bb7 26. Kg2 a4 27. Bd4
Ne4 28. Bxe4 dxe4 29. e3 Rxd2 30. Rxd2 Ke6 31. Bc3 Bd5 32. Rd1 1/2-1/2

[Event "Deutsche Ländermeisterschaft 2017"]
[Site "Hannover GER"]
[Date "2017.09.30"]
[Round "1"]
[White "Jungandreas, Tillmann"]
[Black "Reitz, Theresa"]
[Result "0-1"]
[Termination "normal"]
[Board "7.7"]
[WhiteElo "1479"]
[BlackElo "1730"]
[WhiteTeam "Brandenburg"]
[BlackTeam "Rheinland-Pfalz"]
[PlyCount "118"]
[WhiteFideId "16244664"]
[BlackFideId "12971901"]
[EventCountry "GER"]
[EventRounds "7"]
[EventType "team-swiss"]
[EventDate "2017.09.29"]

1. e4 c5 2. Nf3 e6 3. d4 cxd4 4. Nxd4 a6 5. a3 Nf6 6. Nc3 Qc7 7. g3 b5 8. Bg2
Bb7 9. O-O d6 10. Bg5 Nbd7 11. f4 Be7 12. Kh1 Rd8 13. Qd2 Nb6 14. b3 O-O 15. a4
b4 16. Nce2 Nxe4 17. Bxe4 Bxe4+ 18. Nf3 Bxg5 19. fxg5 Qxc2 20. Qxc2 Bxc2 21.
Ned4 Be4 22. a5 Nd7 23. Kg1 Nc5 24. Nd2 Bd5 25. Rab1 Rd7 26. Nc4 Be4 27. Nb6
Bxb1 28. Nxd7 Nxd7 29. Rxb1 Rc8 30. Kf2 Rc5 31. h4 Rxa5 32. Nc6 Ra2+ 33. Kf3 a5
34. Rc1 Kf8 35. Kf4 Rf2+ 36. Ke3 Rb2 37. Nxa5 Nc5 38. Kf3 g6 39. Rc4 Nxb3 40.
Nxb3 Rxb3+ 41. Ke2 Ke8 42. Rc8+ Kd7 43. Rh8 Rxg3 44. Rxh7 Ke7 45. Rh8 Rg4 46.
Kf3 Rc4 47. Rh7 Rc5 48. Rh8 Rb5 49. Ra8 Rb7 50. Ke3 b3 51. Ra1 b2 52. Rb1 d5
53. Kd3 e5 54. Kc3 Ke6 55. Rxb2 Rxb2 56. Kxb2 Kf5 57. Kc3 d4+ 58. Kd3 Kg4 59.
Ke4 Kxh4 0-1

[Event "Deutsche Ländermeisterschaft 2017"]
[Site "Hannover GER"]
[Date "2017.09.30"]
[Round "1"]
[White "Hess, Max"]
[Black "Pfreundt, Jakob"]
[Result "1/2-1/2"]
[Termination "normal"]
[Board "8.1"]
[WhiteElo "2251"]
[BlackElo "2388"]
[WhiteTeam "Bayern"]
[BlackTeam "Hamburg"]
[PlyCount "76"]
[WhiteFideId "24656666"]
[BlackFideId "12918156"]
[EventCountry "GER"]
[EventRounds "7"]
[EventType "team-swiss"]
[EventDate "2017.09.29"]

1. d4 d5 2. Bf4 Nf6 3. e3 e6 4. Nd2 c5 5. c3 Nc6 6. Ngf3 Bd6 7. Bg3 O-O 8. Bd3
b6 9. e4 Be7 10. e5 Nh5 11. Ng5 Bxg5 12. Qxh5 g6 13. Qe2 f5 14. f4 Be7 15. Nf3
a5 16. O-O a4 17. a3 Na5 18. Bf2 Bb7 19. Nd2 Qc8 20. Rac1 Ba6 21. c4 Rd8 22.
Rfd1 Qc6 23. cxd5 Bxd3 24. Qxd3 Rxd5 25. Qf3 Rad8 26. Nb1 R5d7 27. Qe2 Nb3 28.
Rc4 b5 29. Rc2 Nxd4 30. Bxd4 Rxd4 31. Rcd2 Rxd2 32. Rxd2 c4 33. Nc3 Bc5+ 34.
Kf1 Rd4 35. Rxd4 Bxd4 36. Qd2 Bxc3 37. bxc3 Kg7 38. Qd8 h5 1/2-1/2

[Event "Deutsche Ländermeisterschaft 2017"]
[Site "Hannover GER"]
[Date "2017.09.30"]
[Round "1"]
[White "Gremmel, Jonas Simon"]
[Black "Oberhofer, Cédric"]
[Result "1-0"]
[Termination "normal"]
[Board "8.2"]
[WhiteElo "1815"]
[BlackElo "2229"]
[WhiteTeam "Hamburg"]
[BlackTeam "Bayern"]
[PlyCount "143"]
[WhiteFideId "12983896"]
[BlackFideId "12941220"]
[EventCountry "GER"]
[EventRounds "7"]
[EventType "team-swiss"]
[EventDate "2017.09.29"]

1. d4 Nf6 2. Nf3 g6 3. Bf4 Bg7 4. c4 O-O 5. Nc3 d5 6. e3 c5 7. Be2 Nc6 8. O-O
cxd4 9. Nxd4 Nxd4 10. exd4 dxc4 11. Bxc4 Bf5 12. Be5 Rc8 13. Bb3 Ng4 14. Bxg7
Kxg7 15. h3 Nf6 16. Re1 Re8 17. Qf3 Qxd4 18. Qxb7 Rb8 19. Qf3 h5 20. Rad1 Qc5
21. Qf4 e5 22. Qe3 Qxe3 23. Rxe3 e4 24. Rd6 Red8 25. Ra6 Rb7 26. Kf1 Rd4 27.
Ke1 h4 28. Ne2 Rd3 29. Rxd3 exd3 30. Nc3 Nh5 31. Bd5 Re7+ 32. Kd2 Nf4 33. Bf3
g5 34. Rd6 Bg6 35. Nd5 Nxd5 36. Rxd5 Rc7 37. Bd1 Kf6 38. f3 Bf5 39. Rb5 Rd7 40.
Bb3 Re7 41. Bd1 Be6 42. b3 Rd7 43. Rc5 Kg6 44. a3 f6 45. b4 Bf5 46. a4 Rb7 47.
b5 a6 48. bxa6 Ra7 49. Rc6 Bd7 50. Rd6 Bc8 51. Kxd3 Bxa6+ 52. Ke3 Bc4 53. Rc6
Re7+ 54. Kf2 Bd3 55. Rd6 Bc4 56. Rd4 Rc7 57. Be2 Be6 58. a5 Ra7 59. a6 Bc8 60.
Rd6 Kf5 61. Rc6 Bd7 62. Rb6 Bc8 63. Bd3+ Ke5 64. Ke3 f5 65. Rg6 f4+ 66. Ke2 Kd4
67. Kd2 Re7 68. Rg8 Be6 69. Rxg5 Bc8 70. Ra5 Re8 71. Be4 Rg8 72. Ra4+ 1-0

[Event "Deutsche Ländermeisterschaft 2017"]
[Site "Hannover GER"]
[Date "2017.09.30"]
[Round "1"]
[White "Goldbeck, Lars"]
[Black "Weißhorn, Lasse"]
[Result "1-0"]
[Termination "normal"]
[Board "8.3"]
[WhiteElo "2178"]
[BlackElo "1754"]
[WhiteTeam "Bayern"]
[BlackTeam "Hamburg"]
[PlyCount "53"]
[WhiteFideId "16208188"]
[BlackFideId "12943045"]
[EventCountry "GER"]
[EventRounds "7"]
[EventType "team-swiss"]
[EventDate "2017.09.29"]

1. Nf3 d5 2. g3 Nf6 3. Bg2 Bf5 4. c4 c6 5. cxd5 cxd5 6. Qb3 Qc7 7. Nc3 e6 8. d3
Nc6 9. O-O Be7 10. Bf4 Qd7 11. e4 dxe4 12. dxe4 Nxe4 13. Ne5 Nxe5 14. Nxe4 Bxe4
15. Bxe4 Nc6 16. Rfd1 Nd4 17. Qxb7 Qxb7 18. Bxb7 Rd8 19. Kf1 Bc5 20. Rac1 Bb6
21. b4 Ke7 22. a4 Nf5 23. a5 Rxd1+ 24. Rxd1 Rd8 25. Rxd8 Bxd8 26. Bb8 Nd6 27.
Ba6 1-0

[Event "Deutsche Ländermeisterschaft 2017"]
[Site "Hannover GER"]
[Date "2017.09.30"]
[Round "1"]
[White "Huo, Da"]
[Black "Huber, Benedikt"]
[Result "0-1"]
[Termination "normal"]
[Board "8.4"]
[WhiteElo "1659"]
[BlackElo "2044"]
[WhiteTeam "Hamburg"]
[BlackTeam "Bayern"]
[PlyCount "66"]
[WhiteFideId "16221206"]
[BlackFideId "12923583"]
[EventCountry "GER"]
[EventRounds "7"]
[EventType "team-swiss"]
[EventDate "2017.09.29"]

1. e4 c6 2. d4 d5 3. e5 Bf5 4. Nc3 e6 5. g4 Bg6 6. h4 h6 7. Bg2 c5 8. Be3 Nc6
9. Nge2 cxd4 10. Bxd4 Nxd4 11. Nxd4 Qb6 12. Nb3 Ne7 13. Qd2 Nc6 14. f4 Nb4 15.
f5 Bh7 16. a3 Nc6 17. Qf4 Qc7 18. Nb5 Qb8 19. O-O-O Nxe5 20. Rhe1 Nd3+ 21. Rxd3
Qxf4+ 22. Kb1 a6 23. Nc3 O-O-O 24. Rdd1 Qxg4 25. Bf1 Bxf5 26. Rd4 Qg6 27. Rd2
Kb8 28. Nd4 Bc5 29. Nb3 Rc8 30. Nxc5 Rxc5 31. Bd3 Bxd3 32. Rxd3 Rhc8 33. Red1
f5 0-1

[Event "Deutsche Ländermeisterschaft 2017"]
[Site "Hannover GER"]
[Date "2017.09.30"]
[Round "1"]
[White "Schilay, Eva"]
[Black "Summers, Jan"]
[Result "1/2-1/2"]
[Termination "normal"]
[Board "8.5"]
[WhiteElo "1678"]
[BlackElo "1548"]
[WhiteTeam "Bayern"]
[BlackTeam "Hamburg"]
[PlyCount "86"]
[WhiteFideId "12930164"]
[BlackFideId "16217624"]
[EventCountry "GER"]
[EventRounds "7"]
[EventType "team-swiss"]
[EventDate "2017.09.29"]

1. e4 c5 2. Nc3 Nc6 3. g3 g6 4. Bg2 Bg7 5. d3 e6 6. Be3 d6 7. Qd2 Nge7 8. Bh6
O-O 9. Bxg7 Kxg7 10. f4 Nd4 11. Nf3 Nec6 12. Ne2 Nxe2 13. Qxe2 Qa5+ 14. c3 b5
15. O-O b4 16. Qc2 Qb6 17. Kh1 Kg8 18. Rfd1 Rd8 19. d4 bxc3 20. Qxc3 cxd4 21.
Nxd4 Nxd4 22. Rxd4 Bb7 23. Rad1 Rd7 24. b3 Rad8 25. Qc4 Qc6 26. R1d2 Rc8 27.
Rc2 Rdc7 28. Qxc6 Rxc6 29. Rdc4 Rxc4 30. Rxc4 Rxc4 31. bxc4 Ba6 32. Bf1 d5 33.
exd5 exd5 34. Kg2 Bxc4 35. Bxc4 dxc4 36. Kf3 c3 37. Ke3 c2 38. Kd2 c1=Q+ 39.
Kxc1 Kf8 40. Kc2 Ke7 41. Kc3 Kd6 42. Kd4 f5 43. h3 h6 1/2-1/2

[Event "Deutsche Ländermeisterschaft 2017"]
[Site "Hannover GER"]
[Date "2017.09.30"]
[Round "1"]
[White "Hölzer, Jeanette"]
[Black "Alferova, Ekaterina"]
[Result "1-0"]
[Termination "normal"]
[Board "8.6"]
[WhiteElo "1406"]
[BlackElo "1515"]
[WhiteTeam "Hamburg"]
[BlackTeam "Bayern"]
[PlyCount "63"]
[WhiteFideId "12917982"]
[BlackFideId "16217250"]
[EventCountry "GER"]
[EventRounds "7"]
[EventType "team-swiss"]
[EventDate "2017.09.29"]

1. e4 d6 2. d4 g6 3. Nc3 Bg7 4. Bg5 Nf6 5. e5 Ng8 6. Nf3 Bg4 7. Qe2 c6 8. O-O-O
d5 9. h3 Bxf3 10. Qxf3 Bh6 11. Bxh6 Nxh6 12. g4 a5 13. Qe3 Ng8 14. e6 f6 15. f4
Qd6 16. f5 g5 17. h4 Qf4 18. Qxf4 gxf4 19. Be2 Nh6 20. Rdf1 Na6 21. Rxf4 Nc7
22. g5 Ng8 23. Bh5+ Kf8 24. Na4 h6 25. Nb6 hxg5 26. hxg5 Rd8 27. Nd7+ Kg7 28.
gxf6+ Nxf6 29. Rg1+ Kh6 30. Be2 Ng4 31. Rfxg4 Kh5 32. Rh1# 1-0